[Event "ESP-ch 84th"]
[Site "Marbella"]
[Date "2019.11.21"]
[Round "6"]
[White "Maceiras, Moya Nery"]
[Black "Medina Romero, Jose"]
[Result "0-1"]
[WhiteElo "1773"]
[BlackElo "2083"]
[PlyCount "84"]
[EventDate "2019.11.16"]
[EventType "swiss"]
[EventRounds "9"]
[EventCountry "ESP"]
[SourceTitle "CBM 193 Extra"]
[Source "ChessBase"]
[SourceDate "2020.01.31"]
[SourceVersion "1"]
[SourceVersionDate "2020.01.31"]
[SourceQuality "1"]

1. Nf3 g6 2. g3 Bg7 3. d4 Nf6 4. Bg2 0-0 5. c4 d6 6. 0-0 a6 7. Nc3 Nc6 8. e4 e5 9. d5 Na5 10. b3 c5 11. Bd2 Bd7 12. Qe2 Rb8 13. Na4 b5 14. Nb2 h6 15. Rfc1 Nb7 16. Ne1 Ne8 17. f4 exf4 18. Bxf4 bxc4 19. bxc4 Bd4+ 20. Kh1 Qf6 21. Ned3 Na5 22. Rab1 h5 23. Qd2 Qd8 24. e5 dxe5 25. Nxe5 Bf5 26. Nbd3 Rxb1 27. Rxb1 Bxe5 28. Bxe5 Nxc4 29. Qd1 Bxd3 30. Rb8 Qe7 31. Bf4 Be4 32. Qc1 Bxg2+ 33. Kxg2 Qe4+ 34. Kg1 Qd4+ 35. Kg2 Qxd5+ 36. Kg1 Qd4+ 37. Kg2 Nf6 38. Rb3 Re8 39. Rf3 Re2+ 40. Kf1 Rxh2 41. Be3 Nxe3+ 42. Rxe3 Rh1+ 0-1